Devine le Blockbusters en 3 mots #2 - Statistiques

Statistiques générales
  • Ce quiz a été pris 184 fois
  • Le résultat moyen est 8 sur 10
Statistiques - réponses
3 mots Films % Correct
Sorcier, Magie, École Harry Potter
100%
Roi, Savane, Héritage Le roi Lion
99%
Pandora, Nature, Conflit Avatar
94%
Wakanda, Royauté, Combat Black Panther
87%
Argent, Excès, Bourse Le Loup de Wall Street
83%
Bateau, Trésor, Aventure Pirates des Caraïbes
80%
Combat, Rébellion, District The Hunger Games
75%
Désert, Course, Rébellion Mad Max
61%
Combat, Règles, Rébellion Fight Club
55%
Internet, Trahison, Succès The Social Network
49%
Aucun quiz correspondant
Distribution des résultats
% des personnes avec chaque résultat
Percentile par nombre de réponses
Votre historique - résultats
Vous n’avez pas pris ce quiz